01238 a2200205 45000010006000000050017000060080041000230030015000640400040000790800134001192450081002530200018003342640041003523000019003935050453004120410008008651000031008737000029009048560099009334490220260407155723.0260407a2001 arg spa dAR-UNSa-BCEJYS aAR-UNSa-BCEJYSbspacAR-UNSa-BCEJYS a338.2(82)xPolítica económica. Control de la economía. Gestión de la economía. Planificación económica en Argentina10aNuevas lecturas de política económicap(Argentina en la globalización) a987-9094-47-6 1aCórdoba :bEdiciones Eudecorc2001 a573 p.c25 cm. a1. Política, Instrumentos y Pensamiento Económicos – 2. Origen y Desarrollo de la Economía Argentina – 3. El Mercado Laboral – 4. Sector Externo y Restricción Externa – 5. El Sector Primario: Agro Minería – 6. El Sector Manufacturero – 7. Los Mercados Financieros – 8. Economías Regionales – 9. Aspectos Fiscales – 10. Empresas Estatales e Infraestructura – 11. El Gasto Social – 12. Otros Análisis Económicos. aspa1 aDiaz Cafferata, Alberto M.1 aFigueras, Alberto José41uhttps://www.biblioeco.unsa.edu.ar/pmb/images/libros/L127025.jpgyImagen de portadaqimage/jpeg